Lichudovskie čtenija (Titelsatznr. 69902)
[ MARC ]
| 000 -Satzkennung | |
|---|---|
| Kontrollfeld mit fester Länge | 01653nam a2200373 c 4500 |
| 001 - Kontrollnummer | |
| Kontrollfeld | BV017068505 |
| 003 - Kontrollnummer Identifier | |
| Kontrollfeld | DE-604 |
| 005 - Datum und Zeit der letzten Transaktion | |
| Kontrollfeld | 20231229133954.0 |
| 007 - Feld mit fester Länge zur physischen Beschreibung - Allgemeine Information | |
| Kontrollfeld mit fester Länge | t |
| 008 - Feld mit fester Länge zur physischen Beschreibung - Allgemeine Angaben | |
| Kontrollfeld mit fester Länge | 030416s2001 |||| 10||| rus d |
| 035 ## - Systemkontrollnummer | |
| System-Kontrollnummer | (OCoLC)163305530 |
| 035 ## - Systemkontrollnummer | |
| System-Kontrollnummer | (DE-599)BVBBV017068505 |
| 040 ## - Katalogisierungsquelle | |
| Original-Katalogisierungsstelle | DE-604 |
| Katalogisierungssprache | ger |
| Übertragungsstelle | RU-10907106 |
| 041 0# - Sprachcode | |
| Sprachcode des Textes/der Tonspur oder des separaten Titels | rus |
| -- | eng |
| 049 ## - Lokaler Bestand (OCLC) | |
| Holding library | DE-12 |
| 111 ## - Haupteintragung - Kongressname | |
| Kongress- oder Gebietskörperschaftsname als Eintragungselement | Lichudovskie čtenija |
| Ort des Kongresses | Velikij Novgorod |
| Koha-Normdatenidentnummer | 58590 |
| Funktionsbezeichnungscode | aut |
| Datum des Kongresses | 1998.05.11-14 |
| Funktionsbezeichnung | VerfasserIn |
| 245 10 - Titel | |
| Titel | Lichudovskie čtenija |
| Zusatz zum Titel | Materialy naučnoj konferencii "Pervye Lichudovskie čtenija", Velikij Novgorod, 11-14 maja 1998 goda |
| 246 11 - Titelvarianten | |
| Hauptsachtitel/Kurztitel | The Leichoudes' studies |
| Zusatz zum Titel | The Proceedings of the Conference "The First Leichoudes' Studies" Novgorod the Great, 11-14 May 1998 |
| Anzeigetext | [Paralleltitel] |
| 264 #1 - Produktion, Veröffentlichung, Distribution, Herstellung und Urheberrechtsvermerk | |
| Herstellungs-, Veröffentlichungs- Vertriebs-, Erzeugungsort | Velikij Novgorod |
| Datum der Herstellung, der Veröffentlichung, des Vertriebs oder des Urheberschutzvermerks | 2001 |
| Produzent, Herausgeber, Distributor, Hersteller | Novgorodskij gosudarstvennyj universitet imeni Jaroslava Mudrogo |
| 300 ## - Physische Beschreibung | |
| Umfang | 241 Seiten |
| Andere physische Details | Illustrationen, graphische Darstellungen |
| 336 ## - Inhaltstyp | |
| Inhaltstypterm | Text |
| Inhaltstypcode | txt |
| Quelle | rdacontent |
| 337 ## - Medientyp | |
| Bezeichnung des Medientyps | Ohne Hilfsmittel zu benutzen |
| Medientypcode | n |
| Quelle | rdamedia |
| 338 ## - Datenträgertyp | |
| Datenträgertypbezeichnung | Band |
| Datenträgertypcode | nc |
| Quelle | rdacarrier |
| 500 ## - Allgemeine Fußnote | |
| Allgemeine Fußnote | K 295-letiju Novgorodskoj školy brat'ev Ioannikija i Safronija Lichudov |
| 546 ## - Fußnote zur Sprache | |
| Sprache | In kyrill. Schr., russ. |
| 600 ## - Nebeneintragung unter einem Schlagwort - Personenname | |
| Personenname | Leichoudēs, Iōannikios |
| Koha-Normdatenidentnummer | 59418 |
| 600 ## - Nebeneintragung unter einem Schlagwort - Personenname | |
| Personenname | Leichoudēs, Sōphronios |
| Koha-Normdatenidentnummer | 59419 |
| 651 ## - Nebeneintragung unter einem Schlagwort - Geografischer Name | |
| Geografischer Name | Weliki Nowgorod |
| Koha-Normdatenidentnummer | 4616 |
| 655 #7 - Indexierungsterm - Genre/Form | |
| IDN des Normdatensatzes | |
| Genre/Form oder fokussierter Term | Konferenzschrift |
| Quelle der Ansetzung oder des Terms | gnd-content |
| 700 ## - Nebeneintragung - Personenname | |
| Funktionsbezeichnungscode | edt |
| Personenname | Fonkič, B. L. |
| Funktionsbezeichnung | HerausgeberIn |
| Koha-Normdatenidentnummer | 59420 |
| 700 ## - Nebeneintragung - Personenname | |
| Funktionsbezeichnungscode | edt |
| Personenname | Janin, V. L. |
| Funktionsbezeichnung | HerausgeberIn |
| Koha-Normdatenidentnummer | 17603 |
| 710 ## - Nebeneintragung - Körperschaftsname | |
| Funktionsbezeichnungscode | isb |
| Körperschafts- oder Gebietskörperschaftsname als Eintragungselement | Novgorodskij gosudarstvennyj universitet imeni Jaroslava Mudrogo |
| Funktionsbezeichnung | Herausgebendes Organ |
| Koha-Normdatenidentnummer | 58586 |
| 942 11 - Zusätzliche Felder (Koha) | |
| Ausgabe | 22/bsb |
| Klassifikation oder Aufstellungssystematik | Andere/Generische Klassifikation |
| Koha-Medientyp | Monographien |
| Ausgeschieden | Verloren | Klassifikation oder Aufstellungssystematik | Beschädigt | Nicht entleihbar | Heimatbibliothek | Aufenthaltsbibliothek | Aufstellungsort | Erwerbungsdatum | Inventarnummer | Signatur | Barcode | Letzte Aktivität | Preis gültig von | Koha-Medientyp |
|---|---|---|---|---|---|---|---|---|---|---|---|---|---|---|
| Andere/Generische Klassifikation | MWN Osteuropa | MWN Osteuropa | Magazin - 2 | 05/12/2023 | 23-00929 | R 51 t LC (1998) | E00401082C17F74B | 05/12/2023 | 05/12/2023 | Monographien |